World bibliography of rice stem borers : 1974 - 1990
Enregistré dans:
| Format: | Livre |
|---|---|
| Langue: | Undetermined |
| Publié: |
Manila, Philippines
International Rice Research Institute
1991
|
| Sujets: | |
| Tags: |
Ajouter un tag
Pas de tags, Soyez le premier à ajouter un tag!
|
| Thư viện lưu trữ: | Trung tâm Học liệu Trường Đại học Cần Thơ |
|---|
| LEADER | 00550nam a2200193Ia 4500 | ||
|---|---|---|---|
| 001 | CTU_25461 | ||
| 008 | 210402s9999 xx 000 0 und d | ||
| 082 | |a 016.63318 | ||
| 082 | |b W927 | ||
| 245 | 0 | |a World bibliography of rice stem borers : | |
| 245 | 0 | |b 1974 - 1990 | |
| 245 | 0 | |c Z. R. Khan ...[et al]. | |
| 260 | |a Manila, Philippines | ||
| 260 | |b International Rice Research Institute | ||
| 260 | |c 1991 | ||
| 650 | |a Rice | ||
| 650 | |x Diseases and pests | ||
| 904 | |i Minh, H.Mai | ||
| 980 | |a Trung tâm Học liệu Trường Đại học Cần Thơ | ||